Télévision : Les émissions du dimanche - Statistiques

Statistiques générales
  • Ce quiz a été pris 87 fois
  • Le résultat moyen est 15 sur 25
Statistiques - réponses
Question Réponse % Correct
7 sur 7 DIMANCHE
92%
Sacrée Soirée PAS DIMANCHE
92%
Capital DIMANCHE
83%
Zone interdite DIMANCHE
83%
Apostrophes PAS DIMANCHE
83%
Envoyé spécial PAS DIMANCHE
83%
Stade 2 DIMANCHE
75%
Le jeu de la Vérité PAS DIMANCHE
75%
Les dossiers de l'écran PAS DIMANCHE
75%
Le monde est à vous DIMANCHE
67%
Questions à domicile PAS DIMANCHE
67%
La piste aux étoiles PAS DIMANCHE
67%
La dernière séance PAS DIMANCHE
58%
La marche du siècle PAS DIMANCHE
58%
La maison France 5 PAS DIMANCHE
58%
Les enfants de la télé DIMANCHE
50%
Le dessous des cartes PAS DIMANCHE
50%
Les enfants du rock PAS DIMANCHE
50%
Du côté de chez Dave DIMANCHE
42%
Cinéma de minuit DIMANCHE
33%
Le Grand Jury DIMANCHE
33%
Les escapades de Petitrenaud DIMANCHE
33%
Temps X PAS DIMANCHE
33%
La séquence du spectateur DIMANCHE
25%
Histoires sans paroles DIMANCHE
8%
Aucun quiz correspondant
Distribution des résultats
% des personnes avec chaque résultat
Percentile par nombre de réponses
Votre historique - résultats
Vous n’avez pas pris ce quiz